| 000 | 00529nam a2200181Ia 4500 | ||
|---|---|---|---|
| 999 |
_c31252 _d31252 |
||
| 003 | OSt | ||
| 005 | 20200806102109.0 | ||
| 008 | 190216s9999||||xx |||||||||||||| ||und|| | ||
| 020 | _a9788120309500 | ||
| 040 | _coclc | ||
| 082 |
_a001.424 _bTAH/O |
||
| 100 |
_aTaha, Hamdy A _93996 |
||
| 245 | 0 |
_aOperations Research : _bAn Introduction / _cHamdy A Taha |
|
| 250 | _a5th Ed. | ||
| 260 |
_bPrentice Hall of India, _c1996. _aNew Delhi: |
||
| 300 | _a822p | ||
| 942 |
_cBK _2ddc _h001.424 _iTAH/O _k001.424 _mTAH/O |
||